000 00706cam a22002413a 4500
001 27556
003 PGUSA
005 20140828083609.0
008 081218s2008||||xxu|||||s|||||000 | eng d
040 _aPGUSA
_beng
042 _adc
050 4 _aDS
100 1 _aReid, Thomas H.
245 1 0 _aAcross the Equator :
_bA Holiday Trip in Java
_h[electronic resource] /
_cThomas H. Reid
260 _bProject Gutenberg,
_c2008
506 _aPublic domain in the USA.
516 _aElectronic text
653 _aJava (Indonesia) -- Description and travel
653 _aJava (Indonesia) -- History
830 0 _aProject Gutenberg
_v27556
856 4 0 _uhttp://www.gutenberg.org/ebooks/27556
942 _cEB
999 _c256811
_d256811